|
|
|
|
| LEADER |
01549nam a22004214a 4500 |
| 001 |
EBC178818 |
| 003 |
MiAaPQ |
| 005 |
20200520144314.0 |
| 006 |
m o d | |
| 007 |
cr cn||||||||| |
| 008 |
030820s2004 enka sb 001 0 eng |
| 010 |
|
|
|z 2003018540
|
| 016 |
7 |
|
|z 010981095
|2 Uk
|
| 020 |
|
|
|z 0415327121 (hb)
|
| 035 |
|
|
|a (MiAaPQ)EBC178818
|
| 035 |
|
|
|a (Au-PeEL)EBL178818
|
| 035 |
|
|
|a (CaPaEBR)ebr10101231
|
| 035 |
|
|
|a (CaONFJC)MIL3693
|
| 035 |
|
|
|a (OCoLC)252879924
|
| 040 |
|
|
|a MiAaPQ
|c MiAaPQ
|d MiAaPQ
|
| 050 |
|
4 |
|a HE196.9
|b .U54 2004
|
| 082 |
0 |
4 |
|a 338.4/042
|2 22
|
| 084 |
|
|
|a 74.75
|2 bcl
|
| 245 |
0 |
0 |
|a Unfare solutions
|h [electronic resource] :
|b local earmarked charges to fund public transport /
|c Barry Ubbels ... [et al].
|
| 260 |
|
|
|a London ;
|a New York :
|b Spon Press,
|c 2004.
|
| 300 |
|
|
|a 176 p. :
|b ill.
|
| 490 |
1 |
|
|a Transport, development and sustainability
|
| 504 |
|
|
|a Includes bibliographical references (p. [159]-169) and index.
|
| 533 |
|
|
|a Electronic reproduction. Ann Arbor, MI : ProQuest, 2015. Available via World Wide Web. Access may be limited to ProQuest affiliated libraries.
|
| 650 |
|
0 |
|a Transportation
|x Taxation.
|
| 650 |
|
0 |
|a Transportation
|x Finance.
|
| 650 |
|
0 |
|a User charges.
|
| 650 |
|
0 |
|a Infrastructure (Economics)
|x Finance.
|
| 655 |
|
4 |
|a Electronic books.
|
| 700 |
1 |
|
|a Ubbels, Barry.
|
| 710 |
2 |
|
|a ProQuest (Firm)
|
| 830 |
|
0 |
|a Transport, development and sustainability.
|
| 856 |
4 |
0 |
|u https://ebookcentral.proquest.com/lib/matrademy/detail.action?docID=178818
|z Click to View
|